Les featurings de SCH - Statistiques

Statistiques générales
  • Ce quiz a été pris 226 fois
    224 depuis la dernière actualisation
  • Le résultat moyen est 34 sur 80
Statistiques - réponses
Département Artiste Sons % Correct
13 Jul Mother Fuck (2019), Bande organisée (2020), L'étoile sur le maillot (2020), C'est maintenant (2020), Je suis Marseille (2020), Mode Akimbo (2021), Fantôme (2021), GJS (2021), Avengers (2021), Sapapaya (2021), Planète Mars (2021), Le classico organisé (2021), Légendaire (2021), C'est pas un film (2021), Le trio ternura (2024)
100%
91 Ninho Prêt à partir (2018), Mayday (2019), La vie du binks (2021), Kimono (2021)
96%
13 Naps Coffre-fort (2020), Bande organisée (2020), C'est maintenant (2020), La danse des bandits (2021), Avengers (2021), Le classico organisé (2021), Dreamlife (2022)
89%
BEL Hamza HS (2019), FADE UP (2022)
88%
Unknown Le A Secteur (2019), Cursus (2019)
86%
94 Lacrim 6.35 (2015), On y est (2015), Liquide (2015), Tony (2016), Mon frelo [A.W.A Gang Remix] (2016), Laisse-les (2017), Ça va (2017)
82%
13 Soso Maness Bande organisée (2020), Le classico organisé (2021), Les derniers marioles (2021), Va jober (2022)
82%
93 Kaaris Où sont les € (2015), Cigarette (2019), Automatic (2023)
78%
91 Niska Mauvais payeur (2016)
78%
93 Freeze Corleone Mannschaft (2021)
77%
93 Sadek Pas de manières (2015), 6.35 (2015), Mon frelo [A.W.A Gang Remix] (2016), La paresse (2016), La vie du binks (2021), Kimono (2021)
77%
75 Gims Baden Baden (2019), GJS (2021)
76%
92 PLK Hier (2018), Incontrolables (2021), Le classico organisé (2021)
76%
91 Zola 9 1 1 3 (2020)
75%
91 Koba LaD Valise (2020), Le classico organisé (2021)
74%
13 Kofs Caractère (2018), Bande organisée (2020), C'est maintenant (2020), Le classico organisé (2021)
74%
13 Alonzo L'étoile sur le maillot (2020), C'est maintenant (2020), Je suis Marseille (2020), Goyard (2021), Diamant (2021), Planète Mars (2021), C'est pas un film (2021), Le trio ternura (2024), Juste une minute (2024)
73%
94 Rim'K Rien de lavable (2017), Solitude (2019), Valise (2020), Légendaire (2021)
69%
13 Le Rat Luciano L'étoile sur le maillot (2020), Je suis Marseille (2020), Fantôme (2021)
67%
93 Sofiane American Airline (2020), C'est pas un film (2021)
67%
31 Laylow Dernière ligne droite (2023)
63%
ALG Soolking Every Day (2019), Maryline (2020), Tiki Taka (2024)
61%
93 Heuss L'Enfoiré Super Silver Haze (2019)
60%
93 Vald Dernier retrait (2019)
60%
13 L'Algérino L'étoile sur le maillot (2020), C'est maintenant (2020), Je suis Marseille (2020), Sapapaya (2021)
57%
93 Dinos Ma Baby (2022), Marginaux (2023)
56%
93 Werenoi Magot (2023), La vie de star (2024)
55%
75 Lefa Smile (2020)
54%
Unknown So La Lune Transmission Automatique (2023), Suspects (2023)
53%
13 Soprano La vie du binks (2021), Planète Mars (2021), Légendaire (2021)
53%
ESP Morad Madre Mia (2023)
52%
BEL Shay Paradis (2024)
51%
ITA Sfera Ebbasta Cartine Cartier (2016), Balenciaga (2016), XNX Remix (2018)
49%
93 DA Uzi Ni amour ni amitié (2020), La vie du binks (2021)
48%
93 Gazo Le classico organisé (2021)
48%
US 6ix9ine International Gangstas (2018)
47%
93 Maes La vie de star (2024)
47%
Unknown Vladimir Cauchemar Extendo (2023)
45%
41 Niro Solvable (2019)
44%
13 Akhenaton Je suis Marseille (2020), Chiens Fantômes (2023)
42%
75 Leto La vie du binks (2021)
42%
13 Elams Bande organisée (2020)
41%
13 Houari Bande organisée (2020), Fais pas confiance (2024)
40%
93 13 Block Pavel (2020)
36%
77 RK Diva (2020), C'est pas un film (2021)
36%
Unknown Capo International Gangstas (2018)
35%
BEL Fresh LaPeufra Spéciale (2022)
32%
Unknown Lapso Pas de manières (2015), Mon frelo [A.W.A Gang Remix] (2016)
32%
78 Bosh Business (2020)
31%
93 Hornet La Frappe La vie du binks (2021)
31%
13 Solda Bande organisée (2020), C'est pas un film (2021)
30%
Unknown WarEnd PLAGE ENNEIGEE (2024)
30%
18 Josman Juste une minute (2024)
28%
75 Guy2Bezbar Le classico organisé (2021)
26%
Unknown Hooss Aniki, mon frère (2015)
26%
Unknown Capo Plaza Every Day (2019)
24%
60 Naza Mauvais (2020)
24%
Unknown twinsmatic X2 (2020)
24%
Unknown Unknown T Extendo (2023)
21%
13 Shurik'n Je suis Marseille (2020)
19%
Unknown Dospunto POISON (2024)
16%
Unknown Worms-T Où sont les € (2015)
14%
Unknown Farid Bang International Gangstas (2018)
12%
Unknown Guirri Mafia Comme un dream (2020)
11%
Unknown Lino Légendaire (2021)
10%
13 As L'étoile sur le maillot (2020)
9%
Unknown Kalif Hardcore Avengers (2021)
9%
Unknown Rimkus On y est (2015)
9%
13 Stone Black L'étoile sur le maillot (2020)
7%
13 Fahar Je suis Marseille (2020)
6%
93 Nahir C'est pas un film (2021)
6%
Unknown Oxmo Puccino Légendaire (2021)
6%
Unknown Walid On y est (2015)
6%
91 Mig C'est pas un film (2021)
5%
13 Sat l'Artificier C'est maintenant (2020)
5%
13 Kamikaz C'est maintenant (2020)
4%
Unknown R.E.D.K. Légendaire (2021)
4%
13 Veazy L'étoile sur le maillot (2020)
4%
Unknown Calbo Légendaire (2021)
3%
13 MOH C'est pas un film (2021)
2%
Aucun quiz correspondant
Distribution des résultats
% des personnes avec chaque résultat
Percentile par nombre de réponses
Votre historique - résultats
Vous n’avez pas pris ce quiz depuis la dernière actualisation